|
|
|
|
| LEADER |
00000nam a2200000 a 4500 |
| 001 |
vtls001344991 |
| 003 |
SK-MaSNL |
| 005 |
20260301200713.0 |
| 008 |
240316s1998 xo a r slo |
| 015 |
|
|
|a SNBA1999/01-00125
|
| 020 |
|
|
|a 8096772716
|
| 035 |
|
|
|a SNK000298200
|
| 035 |
|
|
|a urn:nbn:sk:snk-amkib5
|
| 035 |
|
|
|a urn:nbn:sk:snk-am003atb
|
| 035 |
|
|
|a B4720633-C2A3-4733-8957-CD2F346D5EA1
|
| 040 |
|
|
|a SNK
|b slo
|c SNK
|e AACR2
|
| 041 |
0 |
|
|a slo
|
| 044 |
|
|
|a xo
|c SK
|
| 080 |
|
|
|a 619:616.8:636.7/.9(035)
|2 1981
|
| 080 |
|
|
|a 636.7/.9(035)
|2 1981
|
| 100 |
1 |
|
|a Kozák, Marián,
|d 1946-2016
|4 aut
|9 196330
|
| 245 |
1 |
0 |
|a Neurologická propedeutika v praxi malých zvierat
|c Marián Kozák
|
| 260 |
|
|
|a Prešov
|b M&M
|c 1998
|
| 300 |
|
|
|a 74 s., 10 s. obr. príl.
|b grafy, ilustr., fotogr.
|c 23 cm
|
| 650 |
0 |
7 |
|a neurologická propedeutika
|2 SNKPH
|9 236347
|
| 650 |
0 |
7 |
|a malé zvieratá
|2 SNK
|9 531929
|
| 655 |
|
7 |
|a príručky
|2 SNKPH
|9 74364
|
| 919 |
|
|
|a 80-967727-1-6
|
| 958 |
|
|
|a TL
|
| 999 |
|
|
|c 891722
|d 893652
|
| 952 |
|
|
|t P60, <03>, [BOOK], {603}
|a SNK
|b SNK
|y PREZ
|7 0
|p 17A0161150
|o snkSC 96902
|i snkKSP 9488/98
|0 0
|1 0
|4 0
|d 1998-10-14
|f 1
|l 0
|r 2025-09-16 00:00:00
|w 2026-02-24
|
| 952 |
|
|
|t P60, <04>, [BOOK], {604}
|a SNK
|b SNK
|y VYP
|7 0
|p 17A0161149
|o snkSC 96902 D1
|i snkKSP 9489/98
|0 0
|1 0
|4 0
|d 1998-10-14
|l 0
|r 2005-01-02 00:00:00
|w 2026-02-24
|